Bicentenario de la independencia. : (Registro nro. 120018)
[ vista simple ]
| 000 -CABECERA | |
|---|---|
| campo de control de longitud fija | 00413nab a2200157 a 4500 |
| 001 - NÚMERO DE CONTROL | |
| campo de control | 120018 |
| 003 - IDENTIFICADOR DEL NÚMERO DE CONTROL | |
| campo de control | 209633 |
| 005 - FECHA Y HORA DE LA ÚLTIMA TRANSACCIÓN | |
| campo de control | 20201118121009.0 |
| 008 - DATOS DE LONGITUD FIJA--INFORMACIÓN GENERAL | |
| campo de control de longitud fija | ||||||n9999 ||| || || |
| 100 ## - ENTRADA PRINCIPAL--NOMBRE DE PERSONA | |
| Nombre de persona | Ospina Posse, Mayxué |
| 245 #0 - MENCIÓN DE TÍTULO | |
| Título | Bicentenario de la independencia. : |
| Resto del título | Tiempos de vigilancia |
| 300 ## - DESCRIPCIÓN FÍSICA | |
| Extensión | pp. 10-15 |
| 562 ## - NOTA DE IDENTIFICACIÓN DE LA COPIA Y VERSIÓN | |
| Número de copias | 0 |
| 773 ## - ENLACE AL DOCUMENTO FUENTE/ENTRADA DE REGISTRO ANFITRIÓN | |
| Número bibliográfico anfitrión | 120017 |
| Encabezamiento principal | Número - No.64 (mar.- may. 2010) |
| 942 ## - ELEMENTOS DE PUNTO DE ACCESO ADICIONAL (KOHA) | |
| Tipo de ítem Koha | Artículo de Revista |
No hay ítems disponibles.

